Origen y destino del comercio exterior de los países de la Asociación Latinoamericana de Integración y el Mercado Común Centroamericano 1983: estructura según secciones de la CUCI y zonas económicas /

Enregistré dans:
Détails bibliographiques
Collectivités auteurs: CEPAL, NU
Format: Texte
Publié: Santiago: CEPAL
Tags: Ajouter un tag
Pas de tags, Soyez le premier à ajouter un tag!

MARC

LEADER 00000 a a2200000 04500
001 24116
003
040
090 |a 171400  
110 |a CEPAL  
245 |a Origen y destino del comercio exterior de los países de la Asociación Latinoamericana de Integración y el Mercado Común Centroamericano 1983: estructura según secciones de la CUCI y zonas económicas /  |c CEPAL  
260 |a Santiago:   |b CEPAL  
300 |a 88 p.   |b **no definido**  
710 |a NU  
999 |c 14183  |d 14183